| 000 | 01067nam a2200289 i 4500 | ||
|---|---|---|---|
| 001 | 106804 | ||
| 003 | ES-MaACL | ||
| 005 | 20250624062932.0 | ||
| 007 | t| | ||
| 008 | 061228s1964 sp ||||1| spa d | ||
| 080 | _a730 Tisner, Quera (083.82) | ||
| 100 | 1 |
_aTisner, Quera. _9110333 |
|
| 245 | 1 | 0 |
_aQuera Tisner _b: [exposición, Ateneo de Oviedo y Festivales de España, 1964] / _c[Textos: José María de Sucre, Mercedes Molleda]. |
| 260 |
_a[Madrid] : _bPublicaciones Españolas, _c[1964] |
||
| 300 |
_a[16] p. : _bprincipalmente il. ; _c28 cm. |
||
| 490 | 1 |
_aCuadernos de arte. Colección ordinaria ; _v141 |
|
| 600 | 1 | 4 |
_aTisner, Quera- _vExposiciones. _9110334 |
| 655 | 7 |
_2tgfbne _9193628 _aCatálogos de exposiciones |
|
| 700 | 1 |
_aSucre, José María de. _9108712 |
|
| 700 | 1 |
_aMolleda, Mercedes. _982051 |
|
| 710 | 2 |
_aAteneo de Oviedo. _92018 |
|
| 710 | 2 |
_aFestivales de España. _94125 |
|
| 830 | 0 |
_aCuadernos de arte. Colección ordinaria _v141 _9180064 |
|
| 852 |
_aES-MaACL _j2209-F-54 _bR.138505 |
||
| 942 | _2udc | ||
| 999 |
_c106804 _d106804 |
||